000 01186nam a22002657a 4500
001 6635
003 FISKH
005 20250516124102.0
008 250516b cb ||||| |||| 00| 0 eng d
020 _a9780753469026
040 _aFISKH
_beng
_cFISKH
_dFISKH
050 _aGT172.S76
082 _a307
100 _aStone, Brenda
245 _aWhere we live /
_cBrenda Stones and Thea Feldman
260 _aNew York :
_bKingfisher,
_c2012.
300 _a32 pages :
_bcolor illustrations ;
_c23 cm
505 _aN
520 _a"Come along on a global journey to examine the fascinating array of places and spaces that people call home. Beginning with the basic idea of shelter, readers examine the wide variety of climates, materials, and geography where humans choose to live, from an amazing mountaintop palace in Yemen to the canals of Venice, houses on stilts, caravans, yurts and more, readers will emerge from this book with new vocabulary-houseboat, shutters, thatch-and a newfound appreciation for the home they call their own
521 8 _a540
_bLexile
521 8 _aN
_bRaz-Plus
650 _aHabitats
_vCommunities
942 _2ddc
_cBK
_n0
999 _c6635
_d6635